000 00843nam a2200205 a 4500
001 000962822
003 AM-YeHGA
005 20250618074206.0
008 130516s1977 ru r 000 0 rus d
040 _aAM-YeHGA
041 0 _arus
245 0 0 _aРазвитие учереждений культуры и проблемы потребления культурных ценностей /
_cОтв. ред. Л.Н. Коган и др.; АН СССР Уральский науч. центр.
260 _aСвердловск :
_bБ. и.,
_c1977.
300 _a140 с. :
_bтабл. ;
_c22 см.
504 _aБиблиогр. в построч. примеч.
650 1 4 _aКультура
_95174
700 1 _aКоган, Л.Н.
_eред.
_4edt
710 2 _aУральский научный центр АН СССР
090 _c324362
999 _c322619
_d322619